Traité de grammaire comparée des langues classiques / (Record no. 101791)

MARC details
000 -LEADER
campo de control de longitud fija 00595nam a2200181 i 4500
001 - NÚMERO DE CONTROL
campo de control 101791
003 - IDENTIFICADOR DE NÚMERO DE CONTROL
campo de control ES-MaACL
005 - FECHA Y HORA DE LA ÚLTIMA TRANSACCIÓN
campo de control 20230906182959.0
007 - CAMPO FIJO DE DESCRIPCIÓN FÍSICA--INFORMACIÓN GENERAL
campo de control de longitud fija t|
008 - DATOS DE LONGITUD FIJA--INFORMACIÓN GENERAL
campo de control de longitud fija 051025s1960 fr ||||1| fre d
100 1# - ENTRADA PRINCIPAL--NOMBRE DE PERSONA
Nombre de persona Meillet, Antoine (
Fechas asociadas al nombre 1866-1936)
9 (RLIN) 79843
245 10 - MENCIÓN DEL TÍTULO
Título Traité de grammaire comparée des langues classiques /
Mención de responsabilidad, etc. par A. Meillet et J. Vendryès.
250 ## - MENCION DE EDICION
Mención de edición 3ª ed.
Resto de la mención de edición revue et augmentée par J. Vendryès.
260 ## - PUBLICACIÓN, DISTRIBUCIÓN, ETC.
Lugar de publicación, distribución, etc. Paris :
Nombre del editor, distribuidor, etc. Honoré Champion,
Fecha de publicación, distribución, etc. 1960.
300 ## - DESCRIPCIÓN FÍSICA
Extensión XX, 779 p. ;
Dimensiones 23 cm.
700 1# - ENTRADA AGREGADA--NOMBRE PERSONAL
Nombre de persona Vendryès, Joseph.
9 (RLIN) 113883
852 ## - LOCALIZACIÓN
Ubicación ES-MaACL
Número de control de estantería C-16882
Sublocalización o colección R.45145
Holdings
Estatus retirado Estado de pérdida Estado de daño No para préstamo Biblioteca de origen Biblioteca actual Ubicación en estantería Fecha de adquisición Fuente de adquisición Total de préstamos Signatura topográfica completa Código de barras Visto por última vez Precio de reemplazo Tipo de ítem Koha
        Biblioteca del Ateneo de Madrid Biblioteca del Ateneo de Madrid Galería 17/01/2008     C-16882 1106267 23/02/2023 23/02/2023 Libro impreso